000 00823cpmaa2200253 4500
001 mm 81000148
003 DLC
005 20260227111705.0
008 810717|||||||||||| eng
010 _amm 81000148
040 _aDLC
_cDLC
_edacs
_dDLC
072 7 _aL
_2lcmd
100 1 _aBennet, Sanford Fillmore,
_d1836-1898.
245 0 0 _aHymn of Sanford Fillmore Bennet,
_f1891.
300 _a1
_fitem.
506 0 _aOpen to research.
545 0 _aHymnologist and physician.
546 _aCollection material in English.
580 _aForms part of: Miscellaneous Manuscripts collection.
656 7 _aHymnologists.
_2itoamc
656 7 _aPhysicians.
_2itoamc
999 _c42954
_d42954